[Event "HUN-chT2 Breyer 1011"]
[Site "Hungary"]
[Date "2010.10.24"]
[Round "4.10"]
[White "Molnar, Laszlo2222"]
[Black "Gasparics, Akos"]
[Result "1-0"]
[WhiteElo "1939"]
[BlackElo "1853"]
[PlyCount "83"]
[EventDate "2010.09.12"]
[EventType "team-tourn"]
[EventRounds "11"]
[EventCountry "HUN"]
[SourceTitle "EXT 2012"]
[Source "ChessBase"]
[SourceDate "2011.11.24"]
[SourceVersion "1"]
[SourceVersionDate "2011.11.24"]
[SourceQuality "1"]
[WhiteTeam "Geniusz Tata"]
[BlackTeam "Zsambek"]
[WhiteTeamCountry "HUN"]
[BlackTeamCountry "HUN"]

1. e4 e6 2. d4 d5 3. Nd2 Nf6 4. e5 Nfd7 5. f4 c5 6. c3 Nc6 7. Ndf3 Be7 8. Bd3 a6 9. Ne2 b5 10. 0-0 Bb7 11. f5 Qb6 12. Kh1 h6 13. Nf4 Nf8 14. Be3 0-0-0 15. a4 c4 16. Bc2 b4 17. b3 cxb3 18. Bxb3 Na5 19. cxb4 Nxb3 20. Qxb3 Bxb4 21. Rfb1 a5 22. Bd2 Ba6 23. Bxb4 axb4 24. fxe6 fxe6 25. a5 Qb7 26. Ra4 Bc4 27. Qxb4 Qxb4 28. Raxb4 g5 29. Nh5 Rh7 30. Rb8+ Kc7 31. Rxd8 Kxd8 32. Rb8+ Ke7 33. Nf6 Rh8 34. Nd2 Ng6 35. Rb7+ Kd8 36. Nxc4 dxc4 37. a6 Kc8 38. Ne4 Rf8 39. Kg1 Nf4 40. Nd6+ Kd8 41. Rb8+ Ke7 42. Rxf8 1-0

[Event "HUN-chT2 Breyer 1011"]
[Site "Hungary"]
[Date "2010.09.26"]
[Round "2.8"]
[White "Gasparics, Akos"]
[Black "Berta, Krisztian"]
[Result "1-0"]
[WhiteElo "1853"]
[BlackElo "2199"]
[PlyCount "57"]
[EventDate "2010.09.12"]
[EventType "team-tourn"]
[EventRounds "11"]
[EventCountry "HUN"]
[SourceTitle "EXT 2012"]
[Source "ChessBase"]
[SourceDate "2011.11.24"]
[SourceVersion "1"]
[SourceVersionDate "2011.11.24"]
[SourceQuality "1"]
[WhiteTeam "Zsambek"]
[BlackTeam "Torokbalint"]
[WhiteTeamCountry "HUN"]
[BlackTeamCountry "HUN"]

1. e4 d6 2. d4 Nf6 3. Nc3 g6 4. Bg5 Bg7 5. Qd2 h6 6. Bh4 a6 7. f4 c6 8. Nf3 b5 9. a3 Bb7 10. e5 dxe5 11. fxe5 Nd5 12. Bd3 Nxc3 13. bxc3 Qd5 14. 0-0 Qe6 15. Rae1 Nd7 16. Qe2 0-0-0 17. a4 Nb6 18. axb5 cxb5 19. Nd2 Rhe8 20. Ne4 Bxe4 21. Qxe4 Rf8 22. Ra1 Nd5 23. c4 bxc4 24. Bxc4 f5 25. Qd3 Qd7 26. Bxa6+ Kc7 27. Bb5 Qe6 28. Qc4+ Kb7 29. Rfb1 1-0

[Event "HUN-chT2 Breyer 0910"]
[Site "Hungary"]
[Date "2010.03.21"]
[Round "8"]
[White "Gasparics, Akos"]
[Black "Brayer, Janos"]
[Result "0-1"]
[WhiteElo "1848"]
[BlackElo "2078"]
[PlyCount "126"]
[EventDate "2009.11.08"]
[EventType "team-tourn"]
[EventRounds "11"]
[EventCountry "HUN"]
[SourceTitle "EXT 2011"]
[Source "ChessBase"]
[SourceDate "2010.11.26"]
[SourceVersion "1"]
[SourceVersionDate "2010.11.26"]
[SourceQuality "1"]
[WhiteTeam "Zsambek"]
[BlackTeam "Kisber Aszar"]
[WhiteTeamCountry "HUN"]
[BlackTeamCountry "HUN"]

1. e4 c5 2. Nf3 g6 3. d4 Bg7 4. Nc3 Qa5 5. Be3 Nf6 6. Qd2 Nc6 7. d5 Nb4 8. Bd3 0-0 9. 0-0 d6 10. h3 Nxd3 11. cxd3 b5 12. Ne2 Qa6 13. Bh6 Bd7 14. Nh4 c4 15. Bxg7 Kxg7 16. Ng3 cxd3 17. Qxd3 Rfc8 18. a3 Qb6 19. Kh1 b4 20. Qd2 h6 21. axb4 Rc4 22. Rfe1 Rxb4 23. Qe3 Qxe3 24. Rxe3 Rxb2 25. Kg1 a5 26. Nf3 a4 27. Nd4 Rc8 28. f3 Rc4 29. Nge2 Ne8 30. Rc3 Rxc3 31. Nxc3 Rb4 32. Nde2 Nc7 33. Kf2 Na6 34. Ke3 g5 35. Nd4 Kf6 36. Ra2 Nc5 37. Nc6 Rc4 38. Nb5 Bxc6 39. dxc6 Ne6 40. Kd3 Rxc6 41. Nc3 Nf4+ 42. Kd2 Nxg2 43. Nd5+ Ke6 44. Rxa4 Nf4 45. Nxf4+ gxf4 46. Ra8 d5 47. Kd3 Ke5 48. exd5 Kxd5 49. Ra5+ Rc5 50. Rxc5+ Kxc5 51. Ke4 Kd6 52. Kxf4 Ke6 53. Ke4 f5+ 54. Kf4 Kf6 55. h4 e5+ 56. Kg3 f4+ 57. Kg4 h5+ 58. Kh3 Kf5 59. Kg2 e4 60. fxe4+ Kxe4 61. Kf2 f3 62. Kf1 Kf4 63. Kf2 Kg4 0-1

[Event "HUN-chT2 Breyer 0809"]
[Site "Hungary"]
[Date "2008.10.26"]
[Round "1"]
[White "Gasparics, Akos"]
[Black "Molnar, Tibor"]
[Result "1-0"]
[WhiteElo "1848"]
[BlackElo "1911"]
[PlyCount "85"]
[EventDate "2008.10.26"]
[EventType "team-tourn"]
[EventRounds "11"]
[EventCountry "HUN"]
[SourceTitle "EXT 2010"]
[Source "ChessBase"]
[SourceDate "2010.11.25"]
[SourceVersion "1"]
[SourceVersionDate "2010.11.25"]
[SourceQuality "1"]
[WhiteTeam "Zsambek"]
[BlackTeam "BEAC II"]
[WhiteTeamCountry "HUN"]
[BlackTeamCountry "HUN"]

1. e4 e5 2. Nf3 Nc6 3. Bc4 Bc5 4. Nc3 Nf6 5. d3 h6 6. Be3 Bb4 7. h3 d6 8. Qd2 Na5 9. Bb3 Nxb3 10. cxb3 c5 11. 0-0 Nh7 12. Qe2 Be6 13. Nd2 g5 14. a3 Ba5 15. Nc4 Bc7 16. b4 cxb4 17. axb4 a6 18. b5 Qd7 19. d4 f5 20. exf5 Bxf5 21. Nd5 0-0 22. Ncb6 Bxb6 23. Nxb6 Qe6 24. d5 Qg6 25. Nxa8 Bd3 26. Qd1 Bxf1 27. Qxf1 Rxa8 28. bxa6 Qf7 29. a7 Qxd5 30. Qc1 Qf7 31. Bb6 Nf6 32. Qc7 Qxc7 33. Bxc7 Ne8 34. Bb8 Kf7 35. Rc1 Ke7 36. b4 Ke6 37. b5 d5 38. b6 e4 39. Kf1 Nf6 40. Rc7 Nd7 41. Rxb7 h5 42. Rxd7 Kxd7 43. b7 1-0